|
|
|
|
| LEADER |
01402nam a22003134a 4500 |
| 001 |
36232 |
| 003 |
BD-DhAAL |
| 005 |
20191114105344.0 |
| 008 |
190924t2002 maua bf 000 0 eng d |
| 999 |
|
|
|c 41398
|d 41398
|
| 010 |
|
|
|a 2002275452
|
| 020 |
|
|
|a 0073031410 (acidfree paper)
|
| 040 |
|
|
|a DLC
|c DLC
|d DLC
|d BD-DhAAL
|
| 042 |
|
|
|a pcc
|
| 050 |
0 |
0 |
|a QH310
|b .D65 2002
|
| 082 |
0 |
0 |
|a 570.78
|2 21
|
| 100 |
1 |
|
|a Dolphin, Warren D.
|9 35204
|
| 245 |
1 |
0 |
|a Biological investigations :
|b form, function, diversity, and process /
|c Warren D. Dolphin.
|
| 250 |
|
|
|a Sixth edition.
|
| 260 |
|
|
|a Boston :
|b McGraw Hill,
|c c2002.
|
| 300 |
|
|
|a xiii, 449 pages :
|b illustrations (some colors) ;
|c 28 cm.
|
| 504 |
|
|
|a Includes bibliographical references.
|
| 526 |
|
|
|a BIED
|
| 541 |
|
|
|a Complimentary copy from BIED
|e 36232, 36162
|
| 650 |
|
0 |
|a Biology
|v Handbooks, manuals, etc.
|9 35205
|
| 852 |
|
|
|a Ayesha Abed Library
|c General Stacks
|
| 942 |
|
|
|2 ddc
|c BK
|
| 952 |
|
|
|0 0
|1 0
|2 ddc
|4 0
|6 570_780000000000000_DOL
|7 0
|9 66496
|a BRACUL
|b BRACUL
|c GEN
|d 2019-09-24
|e Complimentary copy from BIED
|l 2
|m 32
|o 570.78 DOL
|p 3010036232
|r 2024-11-28
|s 2024-06-02
|t 1
|w 2019-09-24
|y BK
|x Transferred from BIED to General Stacks
|
| 952 |
|
|
|0 0
|1 0
|2 ddc
|4 0
|6 570_780000000000000_DOL
|7 0
|9 67137
|a BRACUL
|b BRACUL
|c GEN
|d 2019-11-14
|e Complimentary copy from BIED
|l 0
|o 570.78 DOL
|p 3010036162
|r 2019-11-14
|t 2
|w 2019-11-14
|y BK
|x Transferred from BIED to General Stacks
|